TOP 5 najlepszych klubów z wybranych lig Europy - Statystyki

Ogólne statystyki
  • Ten quiz został rozwiązany 3 346 razy
    786 od ostatniego zresetowania
  • Średni wynik to 21 z 45
Statystyki odpowiedzi
Państwo: Klub: % Poprawnych
Polska Legia Warszawa
97%
Lech Poznań
94%
Niemcy Bayern Monachium
84%
FC Barcelona
83%
Hiszpania Real Madryt
83%
Borussia Dortmund
80%
Manchester City
76%
Anglia Manchester United
76%
Francja Paris Saint-Germain
76%
Liverpool
73%
Atletico Madryt
72%
Inter Mediolan
72%
AC Milan
71%
Arsenal
71%
Włochy Juventus
69%
Holandia Ajax Amsterdam
65%
FC Porto
63%
Wisła Kraków
63%
Sporting Lizbona
62%
Portugalia SL Benfica
57%
Olympique Marsylia
55%
PSV Eindhoven
53%
Górnik Zabrze
50%
Boavista FC
45%
Ruch Chorzów
45%
Valencia CF
42%
Austria Wiedeń
41%
AS Monaco
40%
Red Bull Salzburg
39%
Feyenoord
38%
Athletic Bilbao
35%
Austria Rapid Wiedeń
35%
Schalke 04 Gelsenkirchen
28%
FC Torino FC Bologna Pro Vercelli
23%
Hamburger SV
21%
Everton
15%
AS Saint-Etienne
11%
FC Nantes
9%
Sparta Rotterdam
9%
Genoa CFC
8%
1. FC Nürnberg
4%
HVV Den Haag
4%
Wacker Innsbruck Swarovski Tirol Tirol Innsbruck
3%
CF Belenenses
2%
Admira Wacker
1%
Nie znaleziono quizów pasujących do podanych kryteriów
Rozkład punktacji
Procent ludzi z każdym wynikiem
Percentyl według liczby udzielonych odpowiedzi
Twoja historia wyników
Nie rozwiązałeś tego quizu od ostatniego zresetowania